LEADER 01005nam0-2200325---450- 001 990009226060403321 005 20101019112408.0 010 $a88-89015-37-3 035 $a000922606 035 $aFED01000922606 035 $a(Aleph)000922606FED01 035 $a000922606 100 $a20100922d2007----km-y0itay50------ba 101 0 $aita 102 $aIT 105 $aa-------001yy 200 1 $aNapoli, la cittą velata$eluoghi e simboli dei misteri, degli dei, dei miti, dei riti, delle feste$fMaurizio Ponticello$gprefazione di Stefano Arcella 210 $aNapoli$cControcorrente$d2007 215 $a339 p.$c[15] c. di tav. : ill.$d22 cm 610 0 $aNapoli 676 $a914.573$v21$zita 700 1$aPonticello,$bMaurizio$f<1961->$0508642 702 1$aArcella,$bStefano 801 0$aIT$bUNINA$gREICAT$2UNIMARC 901 $aBK 912 $a990009226060403321 952 $aXXXI Varie 270$b45040$fFSPBC 959 $aFSPBC 996 $aNapoli, la cittą velata$9776434 997 $aUNINA LEADER 01477nam0-22004331i-450- 001 990006434300403321 005 20090303113106.0 010 $a88-7104-532-7 035 $a000643430 035 $aFED01000643430 035 $a(Aleph)000643430FED01 035 $a000643430 100 $a20090303d1992----km-y0itay50------ba 101 1 $aita$cger 102 $aIT 105 $ay-------001yy 200 1 $a<>polemica sulla codificazione$fA.F.J. Thibaut, F.C. Savigny$ga cura di Giuliano Marini 205 $a3. ed. 210 $aNapoli$cEdizioni Scientifiche Italiane$d1992 215 $a197 p.$d22 cm 225 1 $a<>cultura delle idee$v18 300 $aContiene, in trad. italiana: Uber die Nothwendigkeit eines allgemeinen burgerlichen Rechts fur Deutschland, di A.F.J. Thibaut; Vom Beruf unserer zeit fur Gesetzgebung und Rechtswissenschaft, di F.K. von Savigny. 676 $a340.1$v20$zit 676 $a340.09 700 1$aThibaut,$bAnton Friedrich Justus$f<1772-1840>$0239863 701 1$aSavigny,$bFriedrich Karl von$0153320 702 1$aMarini,$bGiuliano$f<1932-2005> 801 0$aIT$bUNINA$gRICA$2UNIMARC 901 $aBK 912 $a990006434300403321 952 $aXI D T 6(1)$fDFD 952 $aXI D T 6(2)$b1487$fDFD 952 $aXXXIV Bb 5$b2297 ddr$fDDR 952 $aCOLLEZ. 1140 (18)$b19015$fFSPBC 959 $aDDR 959 $aDFD 959 $aFSPBC 996 $aPolemica sulla codificazione$964496 997 $aUNINA